000 00905cam a2200265 a 4500
001 4415932
003 OSt
005 20240724121236.0
008 930809s1993 dcuab i000 0 eng
010 _a 93032013
020 _a0821326449
040 _aMUST
_cMUST
043 _ae-ur-kz
082 0 0 _a338 KAZ 1993
_220
245 0 0 _aKazakhstan :
_bthe transition to a market economy.
260 _aWashington, D.C. :
_bWorld Bank,
_c1993.
300 _av, 234 p. :
_bill., 1 map ;
_c27 cm.
440 2 _aA World Bank country study,
_x0253-2123
_919016
651 0 _aKazakhstan
_xEconomic conditions
_y1991-
_919017
651 0 _aKazakhstan
_xEconomic policy
_y1991-
_919018
710 2 _aWorld Bank.
_9955
906 _a7
_bcbc
_corignew
_d1
_eocip
_f19
_gy-gencatlg
942 _2ddc
_cO_SHELF
999 _c9300
_d9300